Представление документа в формате RUSMARC

ПолеНазваниеЗначение
  Тип записи a
  Библиографический уровень a
001 Контрольный номер RU/CBS_UL/BASE/d410f1a14c2c40e28208a459e148ef78
005 Дата корректировки 20240710165134.3
100 Данные общей обработки __
a Данные общей обработки 20240710 ||| 0rusy0189 ca
101 Язык документа 0_
a Язык текста rus
102 Страна публикации __
a Страна публикации RU
200 Заглавие и сведения об ответственности 1_
a Заглавие "Броненосец "Потёмкин" прорвался сквозь съёмочный аврал
e Сведения, относящиеся к заглавию [об истории создания фильма "Броненосец "Потёмкин"]
f Первые сведения об ответственности И. Стрекалов
300 Общие примечания __
a Общие примечания 16+
320 Библиография __
a Библиография Библиогр.: с. 129
461 Уровень набора _0
1 2000
a Родина
463 Уровень физической единицы _0
1 2000
a № 11
v С. 126-129 : фот., ил.
1 2101
d 2023
1 001RU/CBS_UL/BASE/aa159a031eed423f9cc0c498f874c03f
600 Персоналии _1
a Персоналии (Фамилия) Эйзенштейн
b Персоналии (Имя, инициалы) С.М.
606 Тематические рубрики 0_
a Основная рубрика Эйзенштейн, Сергей Михайлович (1898-1948) - "Броненосец "Потёмкин" - История создания
610 Ключевые слова 0_
a Ключевые слова киноискусство
610 Ключевые слова 0_
a Ключевые слова кинематограф
610 Ключевые слова 0_
a Ключевые слова история кино
610 Ключевые слова 0_
a Ключевые слова киносъёмки
610 Ключевые слова 0_
a Ключевые слова русские революции
610 Ключевые слова 0_
a Ключевые слова советская культура
610 Ключевые слова 0_
a Ключевые слова фильмы советские
610 Ключевые слова 0_
a Ключевые слова Броненосец Потёмкин (фильмы)
610 Ключевые слова 0_
a Ключевые слова закулисье киносъёмок
610 Ключевые слова 0_
a Ключевые слова история культуры
686 Индексы других классификаций __
2 Код системы rubbk
a Классификационный индекс 85.374(2)
700 Автор _1
a Фамилия Стрекалов
b Имя (инициалы) И.
801 Источник записи _0
a Страна RU
b Организация МБУК ЦБС г. Ульяновска
c Дата составления 20240710
g Правила каталогизации RCR
801 Источник записи _1
a Страна RU
b Организация МБУК ЦБС г. Ульяновска
c Дата составления 20240710
g Правила каталогизации RCR
901 Тип документа __
t Тип документа b
w Контрольный № источника RU/CBS_UL/BASE/aa159a031eed423f9cc0c498f874c03f
909 Создатель записи __
a Создатель записи lib1